Normal view
MARC view
- Zahid, Rana
Entry Personal Name
001 - CONTROL NUMBER
- control field: 16861
003 - CONTROL NUMBER IDENTIFIER
- control field: NUST
005 - DATE AND TIME OF LATEST TRANSACTION
- control field: 20190705100745.0
008 - FIXED-LENGTH DATA ELEMENTS
- fixed length control field: 190705|| aca||aabn | a|a d
040 ## - CATALOGING SOURCE
- Original cataloging agency: NUST
- Transcribing agency: NUST
100 ## - HEADING--PERSONAL NAME
- Personal name: Zahid, Rana
670 ## - SOURCE DATA FOUND
- Source citation: Work cat.: (NUST): Zahid, Rana, Mela Sabir Piada /, 2008.
